Les 4 phases du cycle cellulaire - Statistiques

Statistiques générales
  • Ce quiz a été pris 13 fois
  • Le résultat moyen est 10 sur 34
Statistiques - réponses
Hint Réponse % Correct
Alignement des chromosomes (""/"") G2/M
100%
(4) réplication
100%
• G1 (gap 1): gap 1
67%
• séparation des chromatides soeurs ("""""""/""""""""") metaphase/anaphase
67%
chez les organismes diploïdes, la quantité d’ADN = "" 2N
33%
Pour rappel: un organisme est diploïde si :
lorsque les chromosomes contenus dans
ses cellules sont présents par paire (""")
2N
33%
chez les organismes diploïdes, la quantité d'ADN = "" 4N
33%
Si les conditions externes en G1 sont favorables et
les signaux de croissance et division présents, la
cellule passe un """""""""(1) (start chez les """"""(2) ou
"""""""" """""(3) chez les mammifères) et enclenche la
"""""""""(4) de l’ADN (1)
checkpoint
33%
Les “gap phases” (particulièrement la G1) permettent à la cellule de """""" l’environnement interne et externe avant de se lancer dans la division contrôler
33%
Si les conditions externes en G1 sont très
""""""""", la cellule peut entrer dans un état de
non-division
défavorable
33%
Le cycle cellulaire est de """""" variable: (dépend du type cellulaire, de l’environnement, du tissu) durée
33%
on nomme cette état des non-division """ G0
33%
entre la phase M et S G1
33%
entre la phase S et M G2
33%
• G2 (gap 2): gap 2
33%
Dans la plupart des cas, les cellules ont des """ """""""" gap phase
33%
• G1, S et G2 forment """""""" (au total ~ 23h sur les 24 du cycle cellulaire chez les mammifères) interphase
33%
(2) levures
33%
environ 1h30 pour les """""" levures
33%
division cellulaire mitose
33%
INTERPHASE (OK) OK
33%
Il y a 3 niveaux de contrôle: (ok) ok
33%
La plupart des cellules ont besoin de """" "" """"""
pour doubler leurs protéines et organelles que pour
dupliquer leurs chromosomes et se diviser
plus de temps
33%
la plupart des cellules sont """""""" active
0%
entre 20 min et >24h pour les """""""" bactéries
0%
environ 24h pour les """"" """""""actives (23h d’interphase + 1h de mitose) cellules humaines
0%
(restriction point) - Duplication des chromosomes (""" "" "") fin de G1
0%
• Ils répondent à des signaux """""""" ou """""""""" (réponse1/réponse2) intracellulaire/extracellulaire
0%
• Ces interrupteurs sont en général binaires (on/off) et enclenchent la suite d’évènements de manière """"""""" irréversible
0%
chaque gène est présent en 2 exemplaires (""""""" et """""""") paternel et maternel
0%
réplication de l'ADN pour avoir 2 copies identiques phase S
0%
(3) restriction point
0%
Les systèmes de contrôle du cycle cellulaire sont """""" et """""""" (réponse1/réponse2) robustes/fiables
0%
Les systèmes de contrôle du cycle cellulaire fonctionnent comme une """""" """"""" """"""""" """"""""""" série connectée d'interrupteur biochimiques
0%
Aucun quiz correspondant
Distribution des résultats
% des personnes avec chaque résultat
Percentile par nombre de réponses
Votre historique - résultats
Vous n’avez pas pris ce quiz